000 01084cam a22003377a 4500
003 CHAP
005 20220817043409.0
008 971013s1993 r 00010 d
010 _a74328
011 _a75300
035 _a84860
040 _cCHAP
082 _a338.9
_bC37
100 0 0 _aCarroll-Foster, Theodora
_eed.
_919588
245 1 2 _aA guide to agenda 21
_b: issues, debates and canadian initiatives
260 _aOttawa :
_bInternational Development Research Centre,
_c1993
300 _a119 p.
590 _aBATCH-UPD
_b10
_c20130110
_lUCH01
_h1007
590 _aBATCH-UPD
_b10
_c20130410
_lUCH01
_h0617
590 _aBATCH-UPD
_b10
_c20130913
_lUCH01
_h2219
590 _aCONVERSION
_b10
_c20130109
_lUCH01
_h1341
650 1 4 _aAgricultura sustentable.
650 1 4 _aBiodiversidad.
_912724
650 1 4 _aBiotecnología.
_912878
650 1 4 _aDesarrollo sustentable.
650 1 4 _aPolítica ambiental.
_990422
650 1 4 _aRecursos naturales
_xConservación.
901 _aBK
942 _cLIBRO
949 _a338.9 C37
_bBC
_cLIBRO
_d33724000417622
_eLIBRO
_h86953
_i84860
_si
999 _c74328
_d74328